000 00702nam a22002292a 4500
001 80573
003 BD-RjUL
005 20221020102053.0
008 221020s1958 nyua b 000 0 eng
035 _a(BD-RjUL)80573
040 _aDLC
_cWSU
_dSER
_dUKM
_dEQO
_dBD-RjUL
_beng
041 _aeng
082 _223
_a319.5
_bSEM 1958
100 1 _aSenders, Virginia L.
_95352
245 1 0 _aMeasurement and statistics :
_ba basic text emphasizing behavioral science applications /
_cVirginia L. Senders
260 _aNew York :
_bOxford University Press,
_c1958.
300 _a594 p.
_billus.
_c22 cm.
504 _aIncludes bibliography.
650 0 _aStatistics
942 _2ddc
_cBK
999 _c80573
_d80573